| 000 | 00499nam a2200133Ia 4500 | ||
|---|---|---|---|
| 005 | 20260328104341.0 | ||
| 008 | 260328s9999||||xx |||||||||||||| ||und|| | ||
| 100 | _aIbañez, Roberto | ||
| 245 | 0 |
_aLos anfibios del Monumento Natural Barro Colorado, Parque Naccional Soberania y Areas Adyacentes .The amphibians of Barro Colorado Nature Monument, Soberania National Park and Adjacent Areas / _cRoberto Ibañez |
|
| 260 | _bFundación Natura | ||
| 300 | _a184 p. | ||
| 650 | _aPANAMÁ | ||
| 942 | _cBK | ||
| 999 |
_c12113 _d12113 |
||